00366nam a2200157Ia 4500008004100000041000800041100001600049245003000065260003700095300000800132365001300140500000700153520001900160650001000179999001900189230605s1998 xx 000 0 und d aeng aEurodelioes aDine With Europe Pastries bKonemann Pub Bonner c1998c1998 a304 b1196h20 a64 aReference Copy aF. P. c417957d417957